MARC details
| 000 -LEADER |
| fixed length control field |
03700cam a2200805 i 4500 |
| 001 - CONTROL NUMBER |
| control field |
ocn965154066 |
| 003 - CONTROL NUMBER IDENTIFIER |
| control field |
OCoLC |
| 005 - DATE AND TIME OF LATEST TRANSACTION |
| control field |
20200320205743.0 |
| 008 - FIXED-LENGTH DATA ELEMENTS--GENERAL INFORMATION |
| fixed length control field |
160728s2017 nyua b 000 1 eng |
| 010 ## - LIBRARY OF CONGRESS CONTROL NUMBER |
| LC control number |
2016017143 |
| 019 ## - |
| -- |
1003742753 |
| 020 ## - INTERNATIONAL STANDARD BOOK NUMBER |
| International Standard Book Number |
9780399251566 |
| Qualifying information |
(hardcover) |
| 020 ## - INTERNATIONAL STANDARD BOOK NUMBER |
| International Standard Book Number |
0399251561 |
| 035 ## - SYSTEM CONTROL NUMBER |
| System control number |
(OCoLC)965154066 |
| Canceled/invalid control number |
(OCoLC)1003742753 |
| 037 ## - SOURCE OF ACQUISITION |
| Source of stock number/acquisition |
Penguin Group USA, Order Processing Dept 120 Woodbine st, Bergenfield, NJ, USA, 07621 |
| Note |
SAN 201-3975 |
| 040 ## - CATALOGING SOURCE |
| Original cataloging agency |
DLC |
| Language of cataloging |
eng |
| Description conventions |
rda |
| Transcribing agency |
DLC |
| Modifying agency |
BDX |
| -- |
YDX |
| -- |
BTCTA |
| -- |
TNH |
| -- |
JQR |
| -- |
JAO |
| -- |
UAP |
| -- |
OCLCF |
| -- |
T3D |
| -- |
EHH |
| -- |
IGA |
| -- |
NHP |
| -- |
CHILD |
| -- |
DLC |
| -- |
JTH |
| -- |
WACOL |
| 042 ## - AUTHENTICATION CODE |
| Authentication code |
lcac |
| -- |
pcc |
| 049 ## - LOCAL HOLDINGS (OCLC) |
| Holding library |
WACL |
| 050 00 - LIBRARY OF CONGRESS CALL NUMBER |
| Classification number |
PZ8.3.E514 |
| Item number |
Pr 2017 |
| 082 00 - DEWEY DECIMAL CLASSIFICATION NUMBER |
| Classification number |
[E] |
| Edition number |
23 |
| 092 ## - LOCALLY ASSIGNED DEWEY CALL NUMBER (OCLC) |
| Classification number |
childrens |
| Item number |
Ely |
| 100 1# - MAIN ENTRY--PERSONAL NAME |
| Personal name |
Elya, Susan Middleton, |
| Dates associated with a name |
1955- |
| Relator term |
author. |
| 9 (RLIN) |
42867 |
| 245 10 - TITLE STATEMENT |
| Title |
La princesa and the pea / |
| Statement of responsibility, etc |
Susan Middleton Elya ; illustrated by Juana Martinez-Neal. |
| 264 #1 - Production, Publication, Distribution, Manufacture, and Copyright Notice. |
| Place of production, publication, distribution, manufacture |
New York, NY : |
| Name of producer, publisher, distributor, manufacturer |
G. P. Putnam's Sons, |
| Date of production, publication, distribution, manufacture, or copyr |
[2017] |
| 300 ## - PHYSICAL DESCRIPTION |
| Extent |
1 volume (unpaged) : |
| Other physical details |
color illustrations ; |
| Dimensions |
29 cm |
| 336 ## - Content Type |
| Content type term |
text |
| 336 ## - Content Type |
| Content type term |
still image |
| 337 ## - Media type |
| Media type term |
unmediated |
| 338 ## - Carrier type |
| Carrier type term |
volume |
| 520 ## - SUMMARY, ETC. |
| Summary, etc |
"A rhyming twist on a classic fairy tale in which a queen places a pea under a young lady's mattress to see if she is truly a princess. Incorporates Spanish words and Includes a glossary"-- |
| -- |
Provided by publisher. |
| 546 ## - LANGUAGE NOTE |
| Language note |
In Spanish and English. |
| 521 ## - TARGET AUDIENCE NOTE |
| Target audience note |
childrens |
| Source |
junior library guild |
| 650 #1 - SUBJECT ADDED ENTRY--TOPICAL TERM |
| Topical term or geographic name as entry element |
Stories in rhyme. |
| 9 (RLIN) |
5956577 |
| 650 #1 - SUBJECT ADDED ENTRY--TOPICAL TERM |
| Topical term or geographic name as entry element |
Fairy tales. |
| 9 (RLIN) |
5956578 |
| 650 #1 - SUBJECT ADDED ENTRY--TOPICAL TERM |
| Topical term or geographic name as entry element |
Spanish language |
| General subdivision |
Vocabulary. |
| 9 (RLIN) |
5681321 |
| 650 #0 - SUBJECT ADDED ENTRY--TOPICAL TERM |
| Topical term or geographic name as entry element |
Stories in rhyme |
| Form subdivision |
Juvenile literature. |
| 9 (RLIN) |
5712759 |
| 650 #0 - SUBJECT ADDED ENTRY--TOPICAL TERM |
| Topical term or geographic name as entry element |
Fairy tales. |
| 9 (RLIN) |
5956578 |
| 650 #0 - SUBJECT ADDED ENTRY--TOPICAL TERM |
| Topical term or geographic name as entry element |
Spanish language |
| General subdivision |
Vocabulary |
| Form subdivision |
Juvenile literature. |
| 9 (RLIN) |
5746573 |
| 650 #7 - SUBJECT ADDED ENTRY--TOPICAL TERM |
| Topical term or geographic name as entry element |
Cuentos de hadas. |
| Source of heading or term |
bidex |
| 9 (RLIN) |
5956579 |
| 650 #7 - SUBJECT ADDED ENTRY--TOPICAL TERM |
| Topical term or geographic name as entry element |
Español |
| General subdivision |
Vocabulario |
| Form subdivision |
Literatura juvenil. |
| Source of heading or term |
bidex |
| 9 (RLIN) |
5956580 |
| 650 #7 - SUBJECT ADDED ENTRY--TOPICAL TERM |
| Topical term or geographic name as entry element |
Fairy tales. |
| Source of heading or term |
fast |
| -- |
(OCoLC)fst00919916 |
| 9 (RLIN) |
5956578 |
| 650 #7 - SUBJECT ADDED ENTRY--TOPICAL TERM |
| Topical term or geographic name as entry element |
Spanish language |
| General subdivision |
Vocabulary. |
| Source of heading or term |
fast |
| -- |
(OCoLC)fst01128556 |
| 9 (RLIN) |
5681321 |
| 650 #7 - SUBJECT ADDED ENTRY--TOPICAL TERM |
| Topical term or geographic name as entry element |
Stories in rhyme. |
| Source of heading or term |
fast |
| -- |
(OCoLC)fst01739131 |
| 9 (RLIN) |
5956577 |
| 650 #4 - SUBJECT ADDED ENTRY--TOPICAL TERM |
| Topical term or geographic name as entry element |
Fairy tales. |
| 9 (RLIN) |
5956578 |
| 650 #4 - SUBJECT ADDED ENTRY--TOPICAL TERM |
| Topical term or geographic name as entry element |
Stories in rhyme. |
| 9 (RLIN) |
5956577 |
| 650 #7 - SUBJECT ADDED ENTRY--TOPICAL TERM |
| Topical term or geographic name as entry element |
JUVENILE FICTION / Fairy Tales & Folklore. |
| Source of heading or term |
bisacsh |
| 9 (RLIN) |
5715705 |
| 650 #7 - SUBJECT ADDED ENTRY--TOPICAL TERM |
| Topical term or geographic name as entry element |
JUVENILE FICTION / Humorous Stories. |
| Source of heading or term |
bisacsh |
| 9 (RLIN) |
5685987 |
| 650 #7 - SUBJECT ADDED ENTRY--TOPICAL TERM |
| Topical term or geographic name as entry element |
JUVENILE FICTION / People & Places / United States / Hispanic & Latino. |
| Source of heading or term |
bisacsh |
| 9 (RLIN) |
5718193 |
| 650 #7 - SUBJECT ADDED ENTRY--TOPICAL TERM |
| Topical term or geographic name as entry element |
Stories in rhyme. |
| Source of heading or term |
sears |
| 9 (RLIN) |
5956577 |
| 650 #7 - SUBJECT ADDED ENTRY--TOPICAL TERM |
| Topical term or geographic name as entry element |
Fairy tales. |
| Source of heading or term |
sears |
| 9 (RLIN) |
5956578 |
| 655 #7 - INDEX TERM--GENRE/FORM |
| Genre/form data or focus term |
Cuentos en rima. |
| Source of term |
bidex |
| 9 (RLIN) |
5956581 |
| 655 #0 - INDEX TERM--GENRE/FORM |
| Genre/form data or focus term |
JUVENILE FICTION / Fairy Tales & Folklore / General. |
| 9 (RLIN) |
5956582 |
| 655 #7 - INDEX TERM--GENRE/FORM |
| Genre/form data or focus term |
Fairy tales. |
| Source of term |
lcgft |
| 9 (RLIN) |
5956583 |
| 655 #7 - INDEX TERM--GENRE/FORM |
| Genre/form data or focus term |
Picture books. |
| Source of term |
lcgft |
| 9 (RLIN) |
5684358 |
| 655 #7 - INDEX TERM--GENRE/FORM |
| Genre/form data or focus term |
Stories in rhyme. |
| Source of term |
lcgft |
| 9 (RLIN) |
5956584 |
| 655 #7 - INDEX TERM--GENRE/FORM |
| Genre/form data or focus term |
Fairy tales. |
| Source of term |
fast |
| -- |
(OCoLC)fst01726605 |
| 9 (RLIN) |
5956583 |
| 655 #7 - INDEX TERM--GENRE/FORM |
| Genre/form data or focus term |
Juvenile works. |
| Source of term |
fast |
| -- |
(OCoLC)fst01411637 |
| 9 (RLIN) |
5673941 |
| 655 #7 - INDEX TERM--GENRE/FORM |
| Genre/form data or focus term |
Picture books. |
| Source of term |
fast |
| -- |
(OCoLC)fst01726789 |
| 9 (RLIN) |
5684358 |
| 655 #7 - INDEX TERM--GENRE/FORM |
| Genre/form data or focus term |
Stories in rhyme. |
| Source of term |
fast |
| -- |
(OCoLC)fst01921738 |
| 9 (RLIN) |
5956584 |
| 700 1# - ADDED ENTRY--PERSONAL NAME |
| Personal name |
Martinez-Neal, Juana, |
| Relator term |
illustrator. |
| 9 (RLIN) |
5811732 |
| 700 1# - ADDED ENTRY--PERSONAL NAME |
| Personal name |
Andersen, H. C. |
| Fuller form of name |
(Hans Christian), |
| Dates associated with a name |
1805-1875. |
| Title of a work |
Prindsessen paa ærten. |
| 9 (RLIN) |
5691127 |
| 938 ## - |
| -- |
Children's Plus, Inc. |
| -- |
CHIL |
| -- |
2018054 |
| 938 ## - |
| -- |
YBP Library Services |
| -- |
YANK |
| -- |
13299028 |
| 938 ## - |
| -- |
Baker and Taylor |
| -- |
BTCP |
| -- |
BK0019980916 |
| 938 ## - |
| -- |
Brodart |
| -- |
BROD |
| -- |
118847767 |
| 942 ## - ADDED ENTRY ELEMENTS (KOHA) |
| Koha item type |
BOOK |
| 948 ## - LOCAL PROCESSING INFORMATION (OCLC); SERIES PART DESIGNATOR (RLIN) |
| Series part designator, SPT (RLIN) |
11/06/2017 |
| z (OCLC) |
Sirsi |
| 994 ## - |
| -- |
C0 |
| -- |
WACOL |
| 996 ## - |
| -- |
145888 |
| -- |
34301001507591 |
| -- |
SPE |
| -- |
bk |
| -- |
wcl |
| -- |
i |
| -- |
14 |
| -- |
16.99 |
| -- |
junior library guild |
| -- |
Ely |
| -- |
11/06/2017 |
| -- |
10/15/2019 |
| -- |
09/12/2019 |